Language Quiz

Random Language or Spanish Quiz

Common Spanish Verbs Quiz Stats

 Plays Quiz Updated Jan 30, 2015

Also try: Spanish: Verbs
Challenge
Share
Tweet
Embed
Score 0/50 Timer 05:00
16 Plays Today
Spanish Verb English Translation % Correct
comerto eat
94.4%
irto go
93%
bailarto dance
91.4%
beberto drink
90.1%
estudiarto study
87.5%
organizarto organize
87.5%
serto be
87.1%
hablarto speak
87.1%
responderto reply
86.9%
vivirto live
86.7%
tenerto have
86.5%
escribirto write
85.6%
comprarto buy
84.9%
dormirto sleep
84.6%
necesitarto need
84.5%
jugarto play
84.4%
trabajarto work
82.6%
leerto read
82%
lavarto wash
81.2%
escucharto listen
80.3%
mirarto watch
79.7%
cantarto sing
78.6%
estarto be
77.3%
limpiarto clean
75.5%
hacerto do
75%
Spanish Verb English Translation % Correct
correrto run
73.8%
verto see
73.2%
nadarto swim
72.8%
oírto hear
71.9%
conocerto know
71.6%
abrirto open
71.5%
quererto want
71.3%
salirto go out
69.6%
poderto be able
68.4%
pagarto pay
67.6%
pensarto think
67.3%
comenzar/empezarto start
67.2%
aprenderto learn
67%
ponerto put
65.7%
caminarto walk
65.5%
saberto know
65.3%
tomarto take
64.4%
cortarto cut
63.9%
viajarto travel
63.4%
decirto say
61.3%
encontrarto find
60.6%
dibujarto draw
58.9%
venirto come
57.5%
volverto return
52.8%
lloverto rain
51%

You're not logged in!

Compare scores with friends on all Sporcle quizzes.
Join for Free
OR
Log In

You Might Also Like...

Show Comments

Extras

Top Quizzes Today


Score Distribution

Your Account Isn't Verified!

In order to create a playlist on Sporcle, you need to verify the email address you used during registration. Go to your Sporcle Settings to finish the process.

Report this User

Report this user for behavior that violates our Community Guidelines.

Details: